La psicología individual y la escuela /

Guardado en:
Autor Principal: Adler, Alfred
Formato: Libro
Publicado: Buenos Aires : Losada, 1958
Edición:4a. ed.
Series:Biblioteca pedgógica
Materias:
Etiquetas: Agregar Etiqueta
Sin Etiquetas, Sea el primero en etiquetar este registro!
LEADER 00615nam a22002175a 4500
001 CEM.cems010396
005 20061018162535.0
008 130507s1958##################000#0#####d
003 CEMS
082 0 4 |a 137 
100 1 |a Adler, Alfred 
245 1 0 |a La psicología individual y la escuela /  |c Alfred Adler 
250 |a 4a. ed. 
260 |a Buenos Aires :  |b Losada,  |c 1958 
300 |a 139 p. 
490 0 |a Biblioteca pedgógica 
653 |a Enseñanza especial 
653 |a Psicología 
653 |a Psicología individual 
653 |a Psicopedagogía 
859 |a CEMS  |b BIB. CEMS - 11 de abril  |h 137  |i Ad59-1a4  |p 3805.75  |t Ej.1